• 首页
  • 本馆介绍
  • 公告通知
  • 最新文献
  • 馆藏检索
  • 电子资源
  • 读者导购
  • 参考咨询
  • 我的图书馆
  • 登录
  • 详细信息显示
  • 放入我的书架
  • 预约/预借图书
  • 作者相关作品
  • 分类相关作品
  • 丛书相关作品
  • 出版社相关作品

书目信息

  • 表格格式
  • 工作单格式
  • 卡片格式
书名: The Middle East today
作者: Don Peretz
分册号:
分册名:
出版地: New york :
 
出版社: Holt,rinehart and winston
出版时间: 1971.
页数: ix,496 p. :
开本: 25 cm.
丛书名:
中图分类号:
科图分类号:
其他分类号: K37
主题词:
电子资源:
000 00926nam 2200325 a 4500
001 E0756723469
003 DLC
005 20070728155110.92
008 001 0 eng
008 uu
008 001971
010    @a93026376
020    @a03-085556-X.
020    @a0275945758 (alk. paper).
040    @aDLC @cDLC @dDLC
043    @aaw-----
049    @aN5LA
050 00 @aDS62.8 @b.P45 1994
082 00 @a956 @220
090    @a2-98/K37/P43/ 1994///////1095602
090    @aK37
096    @aK37 @v3
099    @dK37@ex10=2
100 1  @aPeretz, Don, @d1922-
245 14 @aThe Middle East today / @cDon Peretz
250    @a2nd ed.
260    @aNew york :@bHolt,rinehart and winston,@c1971.
300    @aix,496 p. :@bmaps ;@c25 cm.
651  0 @aMiddle East @xPolitics and government. @b00 @c20020930 @lNLC09 @h2252 @lNLC09 @h0004 @lNLC09 @h1956
852 9  @bWWJC @k2-98 @hK37 @iP43/1994 @cJ09
    
    The Middle East today / / Don Peretz.-2nd ed.-New york : : Holt,rinehart and winston, , 1971.
    ix,496 p. : : maps ; ; 25 cm.
    
    
    ISBN 03-085556-X.
    
●
相关链接 在E读中查询图书 在五车中查询图书 在当当中查询图书 在豆瓣中查询图书


正题名:Middle East today     索取号:K37/x10=2         预约/预借

序号 登录号 条形码 馆藏地/架位号 状态 备注
1 13971   300139712   第二样本阅览室/ [索取号:K37/x10=2] 在馆    
唐山师范学院图书馆 欢迎您!
大连网信软件有限公司© 版权所有